Science Quiz

Random Science or Grab Bag Quiz

Solar System Bodies by Name Length Quiz Stats

 Plays Quiz Updated Jul 19, 2017

Support Sporcle.
Go Orange.
Score 0/8 Timer 03:00
2 Plays Today
Length Solar System Object % Correct
4Eris, Huya, Luna/Moon, Mars, Rhea
97.3%
5Ariel, Ceres, Chaos, Dione, Earth, Ixion, Orcus, Pluto, Sedna, Titan, Varda, Venus, Vesta
96.9%
7Iapetus, Jupiter, Mercury, Miranda, Neptune, Proteus, Salacia, Titania, Umbriel
95.5%
6Charon, Europa, Haumea, Hygiea, Oberon, Pallas, Quaoar, Saturn, Tethys, Triton, Uranus, Varuna
93.9%
3Sun
78%
2Io
75.3%
8Callisto, Dysnomia, Ganymede, Makemake
43.7%
9Enceladus
8.9%

You're not logged in!

Compare scores with friends on all Sporcle quizzes.
OR
Log In
Forgot?

From the Vault

Colombia's Borders

by Wrhodarmer

These countries all have easy access to good coffee.
Remove Ads.
Support Sporcle.
Get the best of Sporcle when you Go Orange. This ad-free experience offers more features, more stats, and more fun while also helping to support Sporcle. Thank you for becoming a member.

Show Comments

Extras

Top Quizzes Today


Score Distribution

Your Account Isn't Verified!

In order to create a playlist on Sporcle, you need to verify the email address you used during registration. Go to your Sporcle Settings to finish the process.

Report this User

Report this user for behavior that violates our Community Guidelines.

Details: